000 00873cam a2200253 4500
001 WB3928-18
008 030722n2003 000 0 eng u
035 _a(Sirsi) u123077
245 _aRICS urges DEFRA stop the rot
260 _c2003
490 _aRICS Westminster News
_v 21 July 2003 (1)
520 _aRICS has written to DEFRA in response to the Animal By-products Regulation which bans the routine on-farm burial and burning of animal carcasses. http://www.rics.org/ricscms/bin/show?class=Brief&template=/includes/showbrief.html&id=511&faculty=RICS
590 _aWB
650 _aDEFRA
650 _aFARMING INDUSTRY
650 _aEU ANIMAL BY-PRODUCTS REGULATION
650 _aANIMAL BY-PRODUCTS
650 _aEU LEGISLATION
650 _aFARMS
650 _aDISEASES
650 _aRICS
690 _aRURAL-AGRICULTURE AND FORESTRY
942 _n0
999 _c73084
_d73084